Association of Chartered Certified Accountants (Record no. 120116)

MARC details
000 -LEADER
fixed length control field 00735cam a2200181 4500
001 - CONTROL NUMBER
control field WS118932
008 - FIXED-LENGTH DATA ELEMENTS--GENERAL INFORMATION
fixed length control field 020719n 000 0 eng u
035 ## - SYSTEM CONTROL NUMBER
System control number (Sirsi) u118932
110 ## - MAIN ENTRY--CORPORATE NAME
Corporate name or jurisdiction name as entry element Association of Chartered Certified Accountants
9 (RLIN) 4293
245 ## - TITLE STATEMENT
Title Association of Chartered Certified Accountants
520 ## - SUMMARY, ETC.
Summary, etc. Web site for this international accountancy body including details of qualifications, pages for students, information for employers, publications and a directory of members.
650 ## - SUBJECT ADDED ENTRY--TOPICAL TERM
Topical term or geographic name entry element ORGANISATION
650 ## - SUBJECT ADDED ENTRY--TOPICAL TERM
Topical term or geographic name entry element ACCOUNTANTS
650 ## - SUBJECT ADDED ENTRY--TOPICAL TERM
Topical term or geographic name entry element QUALIFICATIONS
690 ## - LOCAL SUBJECT ADDED ENTRY--TOPICAL TERM (OCLC, RLIN)
Topical term or geographic name as entry element MANAGEMENT-BUSINESS MANAGEMENT
856 40 - ELECTRONIC LOCATION AND ACCESS
Uniform Resource Identifier <a href="https://www.accaglobal.com">https://www.accaglobal.com</a>
Public note View the website free of charge at www.accaglobal.com...
942 ## - ADDED ENTRY ELEMENTS (KOHA)
Suppress in OPAC 0
Holdings
Withdrawn status Lost status Source of classification or shelving scheme Damaged status Not for loan Home library Current library Shelving location Date acquired Total Checkouts Full call number Barcode Date last seen Copy number Price effective from Koha item type
    Dewey Decimal Classification     Virtual Virtual Online 19/07/2002   WEB SITE 118932-2001 06/08/2019 1 06/08/2019 Online material